| 000 | 00657cam a2200205u 4500 | ||
|---|---|---|---|
| 999 |
_c30083 _d30083 |
||
| 001 | 6022289 | ||
| 005 | 20190219114358.0 | ||
| 008 | 820601s1949 enka 000 0 eng | ||
| 010 | _a 50013678 | ||
| 040 |
_aDLC _cCarP |
||
| 050 | 0 | 0 |
_aT353 _b.B47 1959 |
| 100 | 1 | _aBinns, Harry, | |
| 245 | 1 | 0 | _aEngineering workshop drawing. |
| 260 |
_aLondon: _bEnglish Universities Press, _c1959. |
||
| 300 |
_a129 p.: _bill.; _c26 cm. |
||
| 650 | 0 | _aMechanical drawing. | |
| 830 | 4 | _aThe Technical college series. [from old catalog] | |
| 906 |
_a0 _bcbc _cpremunv _du _encip _f19 _gy-gencatlg |
||
| 942 |
_2lcc _cBOOKS _hT353 .B47 1959 |
||